| 000 | 00550nam a22002057a 4500 | ||
|---|---|---|---|
| 003 | OSt | ||
| 005 | 20160621184317.0 | ||
| 008 | 160621b xxu||||| |||| 00| 0 eng d | ||
| 020 | _a9780340887998 | ||
| 040 | _cDNLM. | ||
| 082 | _aQT104P872p 2008. | ||
| 100 |
_aPower,Ian;Kam,Peter; _99505 |
||
| 245 | _aPrinciples of Physiology for the Anaesthetist. | ||
| 250 | _a2nd ed. | ||
| 260 |
_aUK. _bHodder Arnold. _cQT104P872p 2008. |
||
| 300 |
_aix,472p; _bill; _c26cm. |
||
| 504 | _aincludes index. | ||
| 650 |
_aPhysiology. _9215 |
||
| 942 |
_2z _cO_SHELF |
||
| 999 |
_c4427 _d4427 |
||